MDQL
is popping MORE tags! Check the
thread
!
Quizzes
Events
Quiz Creation
Community
Videos
Private Events
Remove Ads
Sign In
Join for FREE
Feedback
Dark Mode
Quiz Categories
Sports
Geography
Music
Movies
Television
Just For Fun
Miscellaneous
History
Literature
Language
Science
Gaming
Entertainment
Religion
Holiday
For Kids
Quiz Lab
Recent
Popular Today
Quiz Kudos Today
Editor Picks
Curator Picks
Quizzes by...
Day
Popularity
Type
Ratings
Length
Year
Community
Subscriptions
Recent Discussions
Orange Saloon
Badges
Playlists
Quests
Create
Leaderboards
Showdown
Live 5
Trivia Bingo
Activity
Puzzle Library
Sporcle Events
Private Events
Virtual Trivia
Globe League
Become a Host
Pub Owners
SporcleCon
Opinionation
Our Games
Videos
Blog
Mobile Apps
Partnerships
Remove Ads and Go Orange
Feedback
Religion
Mythology
Religious Music
World Religions
Bible
Christianity
Catholicism
Judaism
Church
Scripture
Islam
Verse
Religion
Mythology
Religious Music
World Religions
Bible
Christianity
Catholicism
Judaism
Church
Scripture
Islam
Verse
Random Quiz
Search Sporcle
×
Quiz Lab
Quiz Lab
Religion
john
Type in answers that appear in a list
Type in answers that appear in a list
Classic
Best Score? Go Orange.
John chapter 1:1-14 Stats
Can you name the words of the first chapter of the Gospel of John (in the New Internation Version 1984)?
By
dchesley
10m
220 Questions
318 Plays
318 Plays
318 Plays
Comments
Comments
Give Quiz Kudos
Give Quiz Kudos
-
- Ratings
hide this ad
Replay
Link that replays current quiz
Next Quiz
Link to next quiz in quiz playlist
You Got
0%
They Got
Avg Score
72%
Avg Friend Score
Upgrade to see
Score Distribution
Jump to the score distribution portion of the page
Score
0/220
Timer
10:00
0
Plays Today
% Correct
the
96.8%
the
96.8%
and
96.8%
the
96.8%
and
96.8%
the
96.8%
the
96.8%
and
96.8%
the
96.8%
The
96.8%
the
96.8%
the
96.8%
a
96.8%
a
96.8%
the
96.8%
a
96.8%
the
96.8%
the
96.8%
the
96.8%
the
96.8%
and
96.8%
the
96.8%
the
96.8%
the
96.8%
a
96.8%
the
96.8%
the
96.8%
and
96.8%
the
96.8%
and
96.8%
In
96.5%
in
96.5%
In
96.5%
in
96.5%
in
96.5%
in
96.5%
Word
95.3%
Word
95.3%
Word
95.3%
was
94.3%
was
94.3%
was
94.3%
was
94.3%
was
94.3%
was
94.3%
was
94.3%
was
94.3%
was
94.3%
was
94.3%
was
94.3%
was
94.3%
was
94.3%
was
94.3%
beginning
94%
beginning
94%
God
93.7%
God
93.7%
God
93.7%
God
93.7%
God
93.7%
God
93.7%
with
90.9%
with
90.9%
He
83.3%
He
83.3%
He
83.3%
he
83.3%
He
83.3%
He
83.3%
He
83.3%
Him
81.7%
Him
81.7%
Him
81.7%
him
81.7%
% Correct
Him
81.7%
Him
81.7%
Him
81.7%
Him
81.7%
not
80.1%
not
80.1%
not
80.1%
not
80.1%
not
80.1%
light
79.5%
light
79.5%
light
79.5%
light
79.5%
light
79.5%
light
79.5%
of
76.7%
of
76.7%
of
76.7%
of
76.7%
of
76.7%
of
76.7%
of
76.7%
made
76.3%
made
76.3%
made
76.3%
made
76.3%
all
75.7%
all
75.7%
were
75.1%
that
75.1%
that
75.1%
that
75.1%
that
75.1%
that
75.1%
that
75.1%
man
74.4%
to
74.4%
to
74.4%
to
74.4%
man
74.4%
to
74.4%
to
74.4%
to
74.4%
to
74.4%
John
73.8%
came
73.8%
came
73.5%
came
73.5%
came
73.5%
came
73.5%
Through
72.9%
through
72.9%
through
72.9%
world
72.6%
world,
72.6%
world
72.6%
world
72.6%
things
71.9%
We
71.6%
darkness
70.3%
darkness
70.3%
who
69.7%
who
69.7%
who
69.7%
who
69.7%
but
69.4%
But
69.4%
but
69.4%
it
67.8%
There
67.8%
from
66.9%
from
66.9%
life
66.2%
life
66.2%
% Correct
life
66.2%
so
65.3%
nothing
64.7%
his
64%
His
64%
His
64%
His
64%
His
64%
name
63.4%
as
63.4%
as
63.4%
name
63.4%
Without
62.8%
men
62.5%
men
62.5%
sent
59.3%
has
59%
has
59%
shines
58.7%
did
58%
did
58%
witness
57.4%
believe
57.4%
witness
57.4%
believe
57.4%
every
56.8%
been
55.5%
might
54.9%
those
54.9%
those
54.9%
himself
54.6%
only
52.7%
gave
52.7%
will
52.7%
only
52.7%
children
51.1%
children
51.1%
Father
49.8%
into
49.5%
though
48.9%
born
47.6%
born
47.6%
gives
47.3%
truth
46.4%
own
45.1%
own
45.1%
human
44.8%
become
44.2%
true
43.8%
one
43.8%
which
43.5%
right
42.6%
or
42.3%
receive
42%
receive
42%
have
42%
grace
41.3%
nor
39.7%
testify
38.8%
understood
38.2%
seen
37.9%
coming
37.2%
husband's
37.2%
recognize
35.3%
full
35%
glory
32.8%
glory
32.8%
concerning
32.5%
yet
32.2%
natural
32.2%
descent
31.2%
decision
27.1%
Quiz Playlist
Details
Report
Send in Message
Add To Playlist
Classic:
Type in answers that appear in a list
Last Updated: Feb 16, 2017
Quiz Scoreboard
CHALLENGE
Sign Up to Join the Scoreboard
Show All
Scores
Hide
Comments
May contain spoilers
Recently Published
Colored Red Africa Blitz
by spor1
Geography
30s
Find the 'City' Movie
by crazypaving
Movies
60s
5x2 Blitz: Bands
by SL_Kpop136
Music
30s
More to Explore
Quiz From the Vault
Featured Blog Post
14 Easter Pick-up Lines to Find Eggs With
hide this ad
You Might Also Like...
Tags
1984
Chapter
gospel
john
Version
Today's Top Quizzes in Religion
Browse Religion
hide this ad
Today's Top Quizzes in john
Browse john
Top Contributed Quizzes in Religion
1
Greek Personifications
2
Christmas Pick: Christianity
3
Greek Deities by Wombo Dream Artwork
4
Mythological Creature Bunker
5
Bible Books Venn Diagram
6
Bible Figures Venn Diagram II
7
Language by 'Haggadah' Cover
8
5-to-1: Children of Gods
9
Plants of Greek Mythology (Picture Click)
10
Dogs in Mythology
Explore More
Trending Topics
Anime
Marvel
Harry Potter
Disney
NBA
Kpop
Crossword
Pokémon
The Office
Puzzle
Song
Country
Soccer
NFL
WWE
hide this ad
More By:
dchesley
Quiz
Plays
Rating
Category
Featured
Created
John chapter 1:1-14
318
3.83
Religion
Jul 20, 2011
Do-It-All Baseball Players
117
3.50
Sports
Jul 16, 2011
Go to Creator's Profile
Score Distribution
Quiz Creator Spotlight
dchesley
Follow
Send a Message
Quizzes Created
-
Created Quiz Play Count
-
More By This Creator
Popular Quizzes Today
1
5x2 Blitz: Bands
2
Find the 'City' Movie
3
Find the US States - No Outlines Minefield
4
Colored Red Africa Blitz
5
The Countries of the World
6
Find the US States
7
9x9 Crossword: Cartoon Network
8
Risky Map Clicking: Biggest States A-Z
More Religion Quizzes
Famous with Kippah II
Published
Trending Quizzes
Colored Red Africa Blitz II
Colored Red Europe Blitz I
Find the 'Dark' Movie
Find the 'Day' Movie
Find the 'Good' Movie
Recently Updated
Champions League XIs: Real Madrid
pecheneg
Largest US Cities 1790-2010
pecheneg
Rides in Walt Disney World
pecheneg
Most Oscar Losses (Acting)
pecheneg
Beyoncé Albums
pecheneg
Leaping Animals
pecheneg
Reality TV Shows (A-Z)
bhenderson79
Rickey Henderson's Hall of Fame Teammates
pecheneg
Champions League XIs: Arsenal
pecheneg
Quick Pick: Celebrities in WWE's Hall of Fame
aduchscher
Trending Topics
NBA
Crossword
Marvel
Anime
Harry Potter
Disney
Kpop
Country
Song
Pokémon
Soccer
NFL
Puzzle
WWE
The Office
Your Account Isn't Verified!
In order to create a playlist on Sporcle, you need to verify the email address you used during registration. Go to your
Sporcle Settings
to finish the process.
Report this User
Report this user for behavior that violates our
Community Guidelines
.
Details:
Send Report
Go to the Sporcle.com Mobile Site →
Comments